| 000 | 00694cam a2200253 4500 | ||
|---|---|---|---|
| 008 | 000000n2000 000 0 eng u | ||
| 020 | _a0117024945 | ||
| 035 | _a(Sirsi) u106037 | ||
| 041 | _aENG | ||
| 050 | _a692.8 | ||
| 110 |
_aProperty Advisers to the Civil Estate _93610 |
||
| 245 | _aGC/Works/1. Amendment 1 (2000). | ||
| 260 |
_aLondon _bStationery Office _c2000 |
||
| 300 | _a8p. ; 30cm. | ||
| 350 | _a5.50 | ||
| 650 | _aGC/WORKS/1 | ||
| 650 |
_aContracts _96232 |
||
| 650 | _aSINGLE STAGE DESIGN AND BUILD | ||
| 650 | _aDESIGN AND BUILD | ||
| 650 | _aTWO STAGE DESIGN AND BUILD | ||
| 650 | _aPACE | ||
| 690 | _aBUILT ENVIRONMENT-BUILDING CONTRACT FORMS | ||
| 942 | _n0 | ||
| 999 |
_c100515 _d100515 |
||